La negociación colectiva: una mirada crítica: observatorio de la negociación colectiva
Guardat en:
| Autor principal: | |
|---|---|
| Format: | Llibre |
| Idioma: | espanyol |
| Publicat: |
Valencia
Tirant lo Blanch
2006
|
| Matèries: | |
| Etiquetes: |
Afegir etiqueta
Sense etiquetes, Sigues el primer a etiquetar aquest registre!
|
MARC
| LEADER | 00000nam a2200000 a 4500 | ||
|---|---|---|---|
| 001 | UCJ0655 | ||
| 003 | CL-VaPUC | ||
| 008 | 060825e20060000SP |||||||||||||||||spa|d | ||
| 020 | |a 8484565505 | ||
| 082 | 0 | 4 | |a 344.4601 |b ESC |2 21 |
| 100 | 0 | |a Escudero Rodríguez, Ricardo |e author |9 500882 | |
| 245 | 1 | 3 | |a La negociación colectiva: una mirada crítica: observatorio de la negociación colectiva |
| 300 | |a 694 p | ||
| 942 | |c BK | ||
| 945 | |d 20060825 00:00:00 |a jtorresc | ||
| 260 | |a Valencia |b Tirant lo Blanch |c 2006 | ||
| 500 | |a www.tirant.com | ||
| 650 | 7 | |a NEGOCIACIONES COLECTIVAS DE TRABAJO |2 CL-VaPUC |9 255583 | |
| 650 | 0 | |a Conflictos laborales |9 256688 | |
| 651 | 0 | |a España |9 254926 | |
| 583 | |a last modification |c 20140408 10:29:45 |k Rodrigo Vera | ||
| 999 | |c 317419 |d 317417 | ||
| 952 | |0 0 |1 0 |4 0 |6 344_460100000000000_ESC_2006 |7 0 |8 A |9 393764 |a BIBDER |b BIBDER |d 2019-11-22 |i 4259653 |o 344.4601 ESC 2006 |p 4259653 |r 2023-01-25 |w 2019-11-22 |y BK |k DER | ||